00433nam a2200145Ia 4500003000400000005001700004008004100021040001800062041000800080100004400088110002400132245006600156260002000222710004500242OSt20260313164232.0211028s2014 xx 000 0 und d cAIMIT LIBRARY aeng aAlva, Nitesh S; Lasrado, Suman.g111759 aVincent Mascarenhas aAnalysis of profitability and reporting for financial ratio / aBangalorec2014 aPrime focus Technologies (India) Pvt.Ltd